Villes de Bourgogne-Franche-Comté de plus de 10 000 habitants - Statistiques

Statistiques générales
  • Ce quiz a été pris 94 fois
  • Le résultat moyen est 17 sur 23
Statistiques - réponses
Département Ville Population % Correct
21 Dijon 159346
100%
89 Auxerre 34778
97%
71 Mâcon 34448
94%
25 Besançon 119198
93%
39 Dole 23775
91%
21 Beaune 20032
90%
90 Belfort 45155
90%
58 Nevers 32830
90%
71 Chalon-sur-Saône 45031
87%
39 Lons-le-Saunier 17043
87%
70 Vesoul 15130
86%
25 Montbéliard 25573
84%
71 Le Creusot 20731
83%
89 Sens 27034
83%
25 Pontarlier 17849
78%
71 Autun 13145
70%
71 Montceau-les-Mines 16831
55%
21 Chenôve 14445
51%
25 Audincourt 13944
42%
70 Héricourt 10478
42%
21 Talant 11894
36%
25 Valentigney 10765
28%
21 Chevigny-Saint-Sauveur 10944
26%
Aucun quiz correspondant
Distribution des résultats
% des personnes avec chaque résultat
Percentile par nombre de réponses
Votre historique - résultats
Vous n’avez pas pris ce quiz